00541nam a2200157 i 4500001000700000003000900007005001700016008004100033080001200074110005900086245007300145260003100218300002000249650003100269852008300300183948ES-MaACL20230906222016.0141223s1840 xxk |||| | eng d a61(410)2 aUniversity College, London. bFaculty of Medicine .10aUniversity College, London : Faculty of Medicine : session 1840-41. a[London : bs.n., c1840?] a8 p. ; c20 cm. 4aMedicina-zGran Bretaña.4 aES-MaACLjT-15-F-4 z- Enc. en un vol. facticio z- Falto de cub. original